000 01009nam a2200277 i 4500
003 DO-SdBNP
005 20230419102906.0
007 ta
008 220802e200? dr aobagry||| 00| 0 spa d
040 _aDO-SdBNP
_bspa
_cBNPHU
_erda
082 4 _a361.7632
_bF981v
_222
110 _aFundación Falcondo (República Dominicana)
_983283
245 0 0 _a25 años de innovación y compromiso con el desarrollo
246 _aVeinticinco años de innovación y compromiso con el desarrollo
260 _aSanto Domingo :
_bFundación Falcondo,
_c[ sin fecha]
300 _a125 paginas :
_bilustraciones., fotografías. ;
_c28 cm.
336 _2rdaconten.
_atexto
_btxt
337 _2rdamedia
_asin mediación
_bn
338 _2rdacarrier
_avolumen
_bnc
590 _aInventariado 2022 / MF
650 4 _aOrganizaciones sin fines de lucro
_zRepública Dominicana
_983284
650 4 _aFundaciones benéficas
_983285
710 2 _aFundación Falcondo (República Dominicana)
_982142
910 _aDG
942 _2ddc
_cLBS1
999 _c53307
_d53307